Initiation dreams and visions among the Siberian shamans

Bibliographic Details
Published in:The dream and human societies, ed. by G.E. von Grunebaum and Roger Caillois, Berkeley, 1966, p. 331-340
Main Author: Eliade, Mircea
Content type: Article
Source:MPIPL_cat

MARC

LEADER 00000naa a2200000 u 4500
001 PL000147783
003 PLI01000000000000000145156
005 00000000000000.0
007 tu|||||||||||||||||||||
008 t r ||| eng
041 0 7 |a eng  |2 ISO 639-2 
100 1 |a Eliade, Mircea 
245 0 0 |a Initiation dreams and visions among the Siberian shamans  |c Mircea Eliade 
696 |a Eliade, Mircea, 1907-1986 
773 0 8 |t The dream and human societies  |a ed. by G.E. von Grunebaum and Roger Caillois  |d Berkeley, 1966  |g p. 331-340  |w MPIPL_cat.PL000147663  |i In: 
952 |j 1966  |h p. 331-340 
996 |a Aufsatz 
996 |a Aufsatz 
997 |a book chapter